কাব্যে লিখি স্বপ্ন / (Record no. 14011)
[ view plain ]
| 000 -LEADER | |
|---|---|
| fixed length control field | 00761nam a2200229 a 4500 |
| 001 - CONTROL NUMBER | |
| JCCL Control Number | 14011 |
| 003 - CONTROL NUMBER IDENTIFIER | |
| JCCL marc code | BD-JhCC |
| 005 - DATE AND TIME OF LATEST TRANSACTION | |
| control field | 20240523125428.0 |
| 008 - FIXED-LENGTH DATA ELEMENTS--GENERAL INFORMATION | |
| fixed length control field | 240523b2021 b |||| ||a| 000 0 b d |
| 020 ## - INTERNATIONAL STANDARD BOOK NUMBER | |
| International Standard Book Number | 9789849541325 |
| 035 ## - SYSTEM CONTROL NUMBER | |
| system control number | (BD-JhCC)14011 |
| 040 ## - CATALOGING SOURCE | |
| Original cataloging agency | BD-JhCC |
| Modifying agency | BD-JhCC |
| 041 ## - LANGUAGE CODE | |
| Language code of Book | bengali |
| 082 ## - DEWEY DECIMAL CLASSIFICATION NUMBER | |
| Classification number | 891.4415 |
| Author mark and Year | KAB 2021 |
| 245 ## - TITLE STATEMENT | |
| Title | কাব্যে লিখি স্বপ্ন / |
| Statement of responsibility, etc | সম্পা: কাজী মোহাম্মদ শিহাবুদ্দীন। |
| 260 ## - PUBLICATION, DISTRIBUTION, ETC. (IMPRINT) | |
| Place of publication, distribution, etc | ঢাকা: |
| Name of publisher, distributor, etc | নপ্র প্রকাশনী; |
| Date of publication, distribution, etc | 2021. |
| 300 ## - PHYSICAL DESCRIPTION | |
| Pagination | 64 p. : |
| Dimensions | 22 cm. |
| 651 ## - SUBJECT ADDED ENTRY--GEOGRAPHIC NAME | |
| Geographic name | Bengali Poem. |
| 700 ## - ADDED ENTRY--PERSONAL NAME | |
| Personal name | শিহাবুদ্দীন,কাজী মোহাম্মদ |
| 942 ## - ADDED ENTRY ELEMENTS (KOHA) | |
| Source of classification or shelving scheme | Dewey Decimal Classification |
| Koha item type | Books |
| Source of classification or shelving scheme | Damaged status | Not for loan | Home library | Current library | Shelving location | Date of accession | Cost, normal purchase price | Total Checkouts | Full call number | Barcode | Date last seen | Copy number | Method of acquisition | Koha item type | Currency |
|---|---|---|---|---|---|---|---|---|---|---|---|---|---|---|---|
| Dewey Decimal Classification | JCC Rouf Library | JCC Rouf Library | General Stacks | 160.00 | 891.4415 KAB 2021 | 19614 | 05/23/2024 | C-1 | Purchase | Books | BDT |